عرض عادي
عرض مارك
- Evans, John Hyde,
دخول Personal Name
001 - CONTROL NUMBER
- control field: 21359
003 - CONTROL NUMBER IDENTIFIER
- control field: AE-AdECS
005 - DATE AND TIME OF LATEST TRANSACTION
- control field: 20251008124304.0
008 - FIXED-LENGTH DATA ELEMENTS
- fixed length control field: 251008|| aca||aabn | a|a d
040 ## - CATALOGING SOURCE
- Original cataloging agency: AE-AdECS
- Transcribing agency: AE-AdECS
100 ## - HEADING--PERSONAL NAME
- Personal name: Evans, John Hyde,
- Dates associated with a name: 1965-
670 ## - SOURCE DATA FOUND
- Source citation: Work cat.: (AE-AdECS)292510: Evans, John Hyde, 1965- author., Morals not knowledge :
